00733cam a22002297a 4500003000500000005001700005008004100022010001000063011001000073035001000083040000900093100001700102245011800119260010100237300002000338490003000358650002300388650002200411650002400433700001600457830003000473CHAP20220329134207.0971013s1975 r 00010 d a16780 a17752 a21836 cCHAP00aJanik, L. J.14aThe effect of surface area on the quantitative estimation of geothite and lepidocracite by infrared spectros copy a(s.l.) :bCommonwealth Scientific and Industrial Research Organization. Division of Soils,c1975 a7 p.b; gráfs 0aDivional reportv; 1/197514aRayos Infrarrojos.14aSensores remotos.14aSuelosxAnálisis.0 aRaupach, M.0 aDivional reportv; 1/1975